<?xml version="1.0" encoding="UTF-8"?>
<record
    xmlns:xsi="http://www.w3.org/2001/XMLSchema-instance"
    xsi:schemaLocation="http://www.loc.gov/MARC21/slim http://www.loc.gov/standards/marcxml/schema/MARC21slim.xsd"
    xmlns="http://www.loc.gov/MARC21/slim">

  <leader>00455cam a2200157   4500</leader>
  <controlfield tag="001">6656</controlfield>
  <controlfield tag="005">20250624105844.0</controlfield>
  <controlfield tag="008">250523b        |||||||| |||| 00| 0 eng d</controlfield>
  <datafield tag="020" ind1=" " ind2=" ">
    <subfield code="a">9780674594975</subfield>
  </datafield>
  <datafield tag="082" ind1=" " ind2=" ">
    <subfield code="a">305.697 GLA</subfield>
  </datafield>
  <datafield tag="100" ind1="1" ind2=" ">
    <subfield code="a">Gladney, Dru C.</subfield>
  </datafield>
  <datafield tag="245" ind1="1" ind2="0">
    <subfield code="a">Muslim Chinese :</subfield>
    <subfield code="b"> ethnic nationalism in the People's Republic.</subfield>
  </datafield>
  <datafield tag="264" ind1=" " ind2="1">
    <subfield code="a">London;</subfield>
    <subfield code="b">Harvard University Press.,</subfield>
    <subfield code="c">1996.</subfield>
  </datafield>
  <datafield tag="300" ind1=" " ind2=" ">
    <subfield code="a">xxv, 469 p. ;</subfield>
    <subfield code="c">26 cm.</subfield>
    <subfield code="b">ill. ;</subfield>
  </datafield>
  <datafield tag="942" ind1=" " ind2=" ">
    <subfield code="2">ddc</subfield>
    <subfield code="c">MAIN</subfield>
  </datafield>
  <datafield tag="999" ind1=" " ind2=" ">
    <subfield code="c">10438</subfield>
    <subfield code="d">10439</subfield>
  </datafield>
  <datafield tag="952" ind1=" " ind2=" ">
    <subfield code="0">0</subfield>
    <subfield code="1">0</subfield>
    <subfield code="2">ddc</subfield>
    <subfield code="4">0</subfield>
    <subfield code="7">0</subfield>
    <subfield code="8">MAIN</subfield>
    <subfield code="a">RTCLIB</subfield>
    <subfield code="b">RTCLIB</subfield>
    <subfield code="c">MAIN</subfield>
    <subfield code="d">2025-06-24</subfield>
    <subfield code="i">19525</subfield>
    <subfield code="l">0</subfield>
    <subfield code="o">305.697 GLA</subfield>
    <subfield code="p">30020743</subfield>
    <subfield code="r">2025-06-24 00:00:00</subfield>
    <subfield code="w">2025-06-24</subfield>
    <subfield code="y">MAIN</subfield>
    <subfield code="z">Donated by Dr. Dolma</subfield>
  </datafield>
</record>
